Quizzes
Events
Quiz Creation
Community
Videos
Private Events
Remove Ads
Sign In
Join for FREE
Feedback
Dark Mode
Quiz Categories
Sports
Geography
Music
Movies
Television
Just For Fun
Miscellaneous
History
Literature
Language
Science
Gaming
Entertainment
Religion
Holiday
For Kids
Quiz Lab
Recent
Popular Today
Quiz Kudos Today
Editor Picks
Curator Picks
Quizzes by...
Day
Popularity
Type
Ratings
Length
Year
Community
Subscriptions
Recent Discussions
Orange Saloon
Badges
Playlists
Quests
Create
Leaderboards
Showdown
Live 5
Trivia Bingo
Activity
Puzzle Library
Sporcle Events
Private Events
Virtual Trivia
Globe League
Become a Host
Pub Owners
SporcleCon
Opinionation
Our Games
Videos
Blog
Mobile Apps
Partnerships
Remove Ads and Go Orange
Feedback
History
US Presidents
World Leaders
Politics
Nation
Discovery
War
Decade
Year
Century
Biography
Art
History
US Presidents
World Leaders
Politics
Nation
Discovery
War
Decade
Year
Century
Biography
Art
Random Quiz
Search Sporcle
×
Quiz Lab
Quiz Lab
History
Country
Type in answers that appear in a list
Type in answers that appear in a list
Classic
Best Score? Go Orange.
Recently Independent Countries Stats
Can you name the countries which have most recently gained independence?
By
miyomiyo2
6m
36 Questions
586 Plays
586 Plays
586 Plays
Comments
Comments
Give Quiz Kudos
Give Quiz Kudos
-
- Ratings
hide this ad
Replay
Link that replays current quiz
Next Quiz
Link to next quiz in quiz playlist
You Got
0%
They Got
Avg Score
64%
Avg Friend Score
Upgrade to see
Score Distribution
Jump to the score distribution portion of the page
Score
0/36
Timer
06:00
0
Plays Today
Year
Country
% Correct
2006
Montenegro
88.9%
1993
Slovakia
87%
1991
Ukraine
85.2%
1990
Latvia
84.1%
1990
Lithuania
83.8%
1991
Estonia
83.1%
2002
Timor-Leste
81.7%
1991
Croatia
81.6%
1991
Belarus
80.9%
1991
Kazakhstan
80.4%
1991
Georgia
80%
1993
Eritrea
79.9%
1991
Turkmenistan
78.8%
1991
Uzbekistan
78.3%
1991
Tajikistan
78.2%
1992
Kuwait
78%
1992
Bosnia and Herzegovina
77.1%
1991
Slovenia
76.3%
Year
Country
% Correct
1991
Azerbaijan
75.9%
1991
Armenia
75.6%
1991
Kyrgyzstan
75.4%
1991
Macedonia
75.4%
1991
Moldova
73.2%
1989
Cambodia
62.3%
1990
Namibia
61.1%
1994
Palau
50.2%
1986
Marshall Islands
50%
1986
Micronesia
44.2%
1989
Afghanistan
39.2%
1980
Vanuatu
38.1%
1983
St. Kitts and Nevis
34.3%
1981
Antigua and Barbuda
30.2%
1980
Zimbabwe
25.3%
1981
Belize
24.2%
1984
Brunei
21.5%
1990
Panama
18.4%
Quiz Playlist
Details
Report
Send in Message
Add To Playlist
Classic:
Type in answers that appear in a list
Quiz Source
Last Updated: Sep 5, 2017
Quiz Scoreboard
CHALLENGE
Sign Up to Join the Scoreboard
Show All
Scores
Hide
Comments
May contain spoilers
Recently Published
College Basketball Coaching Resumes
by pancakes188
Sports
9m
Billboard Blitz: Fleetwood Mac
by CooCooCachoo
Music
15s
Presidents Visiting Landmarks
by Hejman
History
7m
More to Explore
Quiz From the Vault
Featured Blog Post
Where Did the Easter Bunny Come From?
hide this ad
You Might Also Like...
Tags
Country Quiz
Gained
Governing
independence
independent
Power
Recently
Today's Top Quizzes in History
Browse History
hide this ad
Today's Top Quizzes in Country
Browse Country
Top Contributed Quizzes in History
1
Popular People in 1991
2
Popular People in 1981
3
Popular People in 1951
4
Popular People in 1941
5
Popular People in 1986
6
Popular People in 1976
7
Popular People in 1921
8
I Am Born On March 28th
9
5-to-1: 20th Century Images of War
10
Popular People in 1946
Explore More
Trending Topics
Harry Potter
Crossword
NBA
Marvel
Disney
Anime
Kpop
WWE
Song
Country
NFL
Puzzle
Soccer
The Office
Pokémon
hide this ad
More By:
miyomiyo2
Quiz
Plays
Rating
Category
Featured
Created
President By Vice President
155,434
4.58
History
Oct 16, 2009
Countries With Common Suffixes
94,107
4.62
Geography
Oct 17, 2009
Two Countries, Same 3-Letter Ending
72,691
4.51
Geography
Oct 17, 2009
Alphabetical Presidents
2,942
4.21
History
Oct 16, 2009
Countries Stable Since 1900
1,606
2.67
History
Oct 18, 2009
Go to Creator's Profile
Score Distribution
Quiz Creator Spotlight
miyomiyo2
Follow
Send a Message
Quizzes Created
-
Created Quiz Play Count
-
More By This Creator
Popular Quizzes Today
1
Find the US States - No Outlines Minefield
2
Find the Countries of Europe - No Outlines Minefield
3
The Countries of the World
4
Find the US States
5
Risky Map Clicking: Biggest States A-Z
6
US States
7
Popular People in 1961
8
Movies - When Are They Set?
More History Quizzes
Who's That In US Government?
Editor's Pick
Trending Quizzes
Risky Map Clicking: Least Populous States A-Z
1-10 Letter G Words
1-10 Letter F Words
Risky Map Clicking: Next State Alphabetically
Risky Map Clicking: Biggest States A-Z
Recently Updated
Leaping Animals
pecheneg
Reality TV Shows (A-Z)
bhenderson79
Rickey Henderson's Hall of Fame Teammates
pecheneg
Champions League XIs: Arsenal
pecheneg
Quick Pick: Celebrities in WWE's Hall of Fame
aduchscher
A-Z Keypad Blitz II
pecheneg
Multiple Oscar Actors
pecheneg
Mystery Phrase Blitz: Oscar 'Best Actors'
pecheneg
F. Scott Fitzgerald Novels
LTH
Pick 3 Villains
ddd62291
Trending Topics
Crossword
Marvel
Disney
Anime
NBA
Harry Potter
Kpop
Pokémon
Soccer
Song
NFL
Country
Puzzle
The Office
WWE
Your Account Isn't Verified!
In order to create a playlist on Sporcle, you need to verify the email address you used during registration. Go to your
Sporcle Settings
to finish the process.
Report this User
Report this user for behavior that violates our
Community Guidelines
.
Details:
Send Report
Go to the Sporcle.com Mobile Site →
Comments